| 000 | 00644nam a22001937a 4500 | ||
|---|---|---|---|
| 003 | OSt | ||
| 005 | 20260302071042.0 | ||
| 008 | 260212b |||||||| |||| 00| 0 eng d | ||
| 020 | _a978845374846 | ||
| 040 |
_aDWCL - Main lib _cOC |
||
| 082 | _aCirc. 631.53 SQ774 2007 | ||
| 100 | _aSquire, David | ||
| 245 |
_aThe propagation specialist : _bthe essential guide to raising new plants for the home and garden / _cDavid Squire |
||
| 260 |
_aLondon : _bNew Holland, _cc2007. |
||
| 300 |
_a80 pages : i _bllustrations (chiefly color) ; _c24 cm. |
||
| 504 | _a1.Includes index. | ||
| 650 | _a1.Plant propagation. | ||
| 942 |
_2ddc _cBK-CIRC _mCirc. _n0 |
||
| 999 |
_c8378 _d8378 |
||